Normal view
MARC view
- Dr. Muhammad Faisal Amjad
Entry Personal Name
001 - CONTROL NUMBER
- control field: 34940
003 - CONTROL NUMBER IDENTIFIER
- control field: NUST
005 - DATE AND TIME OF LATEST TRANSACTION
- control field: 20201109130526.0
008 - FIXED-LENGTH DATA ELEMENTS
- fixed length control field: 201109|| aca||aabn | a|a d
040 ## - CATALOGING SOURCE
- Original cataloging agency: NUST
- Transcribing agency: NUST
100 ## - HEADING--PERSONAL NAME
- Personal name: Dr. Muhammad Faisal Amjad
670 ## - SOURCE DATA FOUND
- Source citation: Work cat.: (NUST): Amjad, Naeem 34939, Building A Framework based on an Open Source Malware Forensic Technique / , 2017.
